Peine-HOUDI Paroles - Statistiques

Statistiques générales
  • Ce quiz a été pris 89 fois
  • Le résultat moyen est 285 sur 470
Statistiques - réponses
% Correct
a
98%
à
98%
elle
98%
peine
98%
qui
92%
la
89%
le
89%
ma
89%
m'a
89%
de
87%
fait
87%
perdre
87%
peu
83%
c'était
79%
d'la
79%
peur
79%
pour
79%
seule
79%
t'es
79%
tes
79%
toujours
79%
l'regard
77%
mais
75%
partie
75%
pas
75%
téléphone
72%
appels
70%
c'est
70%
sonne
70%
nos
64%
on
64%
guerre
58%
coeurs
57%
y
57%
paire
55%
dans
53%
deux
51%
dommage
51%
plus
51%
j'ai
49%
qu'ils
49%
s'fassent
49%
même
47%
perso
47%
assiettes
45%
forment
45%
les
45%
bonjour
43%
des
43%
que
43%
tout
43%
depuis
42%
s'dit
42%
sur
42%
tu
42%
brassé
40%
personne
40%
'ter
40%
visage
40%
aimera
38%
nous
38%
pleurer
38%
qu'on
38%
Terre
38%
te-tê
38%
tête
38%
d'puis
36%
n'est
36%
SUN7
36%
vois
36%
beaucoup
34%
du
34%
l'sol
34%
mes
34%
morceaux
34%
près
34%
rêves
34%
vie
34%
en
32%
et
32%
manger
32%
pipelette
32%
p'tits
32%
bédo
30%
ça
30%
j'aimais
30%
j'me
30%
laissé
30%
m'ferait
30%
sale
30%
souviens
30%
un
30%
boco
28%
j'devenais
28%
j'te
28%
loco
28%
potos
28%
regretté
28%
billets
26%
j'fais
26%
mi
26%
ou
26%
qu'augmenter
26%
répéter
26%
t'étais
26%
amor
25%
corps
25%
d'ton
25%
était
25%
faire
25%
grandi
25%
j'pourrais
25%
l'seum
25%
remords
25%
schlass
25%
sourire
25%
t'avais
25%
avait
23%
dorsaux
23%
gardé
23%
habits
23%
j'fumais
23%
m'ont
23%
pansement
23%
replay
23%
une
23%
avec
21%
j'suis
21%
l'coeur
21%
oublié
21%
porte
21%
vocaux
21%
claquant
19%
destin
19%
enfer
19%
jouer
19%
j'peux
19%
mort
19%
pense
19%
quelques
19%
sais
19%
s'verra
19%
doucement
17%
d'se
17%
écoeurés
17%
encore
17%
essayent
17%
fêter
17%
fois
17%
j'oublie
17%
j'y
17%
lala
17%
mettre
17%
p't'être
17%
soir
17%
avant
15%
d'les
15%
j'sais
15%
juste
15%
passages
15%
j'modifie
13%
accro
11%
embêté
11%
guetter
11%
reste
11%
comme
9%
j'vais
9%
m'péter
9%
qu'des
9%
forte
8%
Aucun quiz correspondant
Distribution des résultats
% des personnes avec chaque résultat
Percentile par nombre de réponses
Votre historique - résultats
Vous n’avez pas pris ce quiz